Central Library OPAC University of Rajshahi

How Israel lost its soul / (Record no. 27657)

MARC details
000 -LEADER
fixed length control field 00811cam a2200277 i 4500
001 - CONTROL NUMBER
control field 27657
003 - CONTROL NUMBER IDENTIFIER
rucl marc code BD-RjUL
005 - DATE AND TIME OF LATEST TRANSACTION
control field 20211209051202.0
008 - FIXED-LENGTH DATA ELEMENTS--GENERAL INFORMATION
fixed length control field 140325s1974 enk b 001 0 eng
020 ## - INTERNATIONAL STANDARD BOOK NUMBER
International Standard Book Number 0140217886 :
035 ## - SYSTEM CONTROL NUMBER
System control number (BD-RjUL)27736
040 ## - CATALOGING SOURCE
Original cataloging agency DLC
Transcribing agency DLC
Modifying agency DLC
Language of cataloging eng
041 ## - LANGUAGE CODE
Language code of text/sound track or separate title eng
082 00 - DEWEY DECIMAL CLASSIFICATION NUMBER
Classification number 956.94
Author mark and year GHH 1974
100 1# - MAIN ENTRY--PERSONAL NAME
Personal name Ghilan, Maxim.
9 (RLIN) 84952
245 10 - TITLE STATEMENT
Title How Israel lost its soul /
Statement of responsibility, etc. Maxim Ghilan.
260 ## - PUBLICATION, DISTRIBUTION, ETC. (IMPRINT)
Place of publication, distribution, etc. Harmondsworth :
Name of publisher, distributor, etc. Penguin,
Date of publication, distribution, etc. 1974.
300 ## - PHYSICAL DESCRIPTION
Pagination 290 p. ;
Size 18 cm.
504 ## - BIBLIOGRAPHY, ETC. NOTE
Bibliography, etc Includes bibliographical references and index.
650 #0 - SUBJECT ADDED ENTRY--TOPICAL TERM
Topical term or geographic name as entry element Zionism.
9 (RLIN) 71861
651 #0 - SUBJECT ADDED ENTRY--GEOGRAPHIC NAME
Geographic name Israel
General subdivision Politics and government
Chronological subdivision 1948-1967.
9 (RLIN) 84953
Geographic name Israel
General subdivision Politics and government
Chronological subdivision 1967-1993.
9 (RLIN) 84954
942 ## - ADDED ENTRY ELEMENTS (KOHA)
Source of classification or shelving scheme Dewey Decimal Classification
Koha item type Books
Holdings
Lost status Source of classification or shelving scheme Damaged status Not for loan Collection code Permanent Location Current Location Shelving location Date acquired Source of acquisition Cost, normal purchase price Total Checkouts Full call number Date last seen Copy number Koha item type
  Dewey Decimal Classification   Added to bundle Non-fiction Central Library, University of Rajshahi Central Library, University of Rajshahi Reading Room 30/10/1990 shaukat osman 0.00   956.94 GHH 1974 25/03/2014 C-1 Books